[Event "Vaujany op 1st"]
[Site "Vaujany"]
[Date "2010.07.14"]
[Round "5"]
[White "Csirik, Andras"]
[Black "Drogou, Gerard"]
[Result "1-0"]
[WhiteElo "2303"]
[BlackElo "2107"]
[PlyCount "87"]
[EventDate "2010.07.10"]
[EventType "swiss"]
[EventRounds "9"]
[EventCountry "FRA"]
[SourceTitle "CBM 137 Extra"]
[Source "ChessBase"]
[SourceDate "2010.09.01"]
[SourceVersion "1"]
[SourceVersionDate "2010.09.01"]
[SourceQuality "1"]

1. e4 e5 2. Nf3 d6 3. d4 exd4 4. Nxd4 g6 5. Nc3 Bg7 6. Be3 Nf6 7. f3 0-0 8. Bc4 Re8 9. Qd2 Nc6 10. 0-0-0 a6 11. g4 Ne5 12. Be2 b5 13. g5 b4 14. Nb1 Nh5 15. f4 Ng4 16. Bg1 h6 17. h3 Ng3 18. Bxg4 Nxh1 19. Nc6 Bxg4 20. Nxd8 Bxd1 21. Qxd1 Raxd8 22. Qf3 d5 23. e5 hxg5 24. Qxh1 gxf4 25. Nd2 Rxe5 26. Nf3 Re2 27. Bd4 Bxd4 28. Nxd4 Re4 29. Nf3 Rde8 30. b3 c5 31. Qd1 d4 32. Qf1 Re3 33. h4 Re2 34. Kb1 Kg7 35. h5 g5 36. Qg1 f6 37. Qg4 Kh6 38. Nh4 d3 39. Nf5+ Kh7 40. Nd6 R8e7 41. Qf5+ Kg8 42. Qxd3 Re1+ 43. Kb2 Rg7 44. h6 1-0